000 00557nam a2200181Ia 4500
999 _c37078
_d37078
003 OSt
005 20210125101717.0
008 190216s9999||||xx |||||||||||||| ||und||
020 _a8189301020
040 _coclc
082 _a004
_bSIN/U
100 _aSinghal, Sanjay
_98417
245 0 _aUGC NET / SET Computer Science and Applications /
_cSanjay Singhal ; Sameer Mishra
260 _bDanika Publishing Company,
_c2012.
_aNew Delhi:
300 _a510p
650 _aComputer Science
942 _cREF
_2ddc
_h004
_iSIN/U
_k004
_mSIN/U